000 00656nam a22002297a 4500
001 84745
003 UA-OsUOA
005 20230703141056.0
007 ta
008 20120608b un ||||| |||| 00| 0 ukr d
040 _aUA-OsUOA
_bukr
_cUA-OsUOA
_dUA-OsUOA
041 _aukr
080 _a26/28
090 _a26/28
_bА 65
100 _aАндрей (Митрополит)
245 _aОб'єднання християнських церков
_cМитрополит Андрей
260 _aВінніпег
_c1983
300 _a22 с.
650 7 _a26 Християнська Церква загалом
_2UDC
942 _cBR
_2udc
955 _a4
999 _c371055
_d371055